The best digital marketing campaigns in the world : (رقم التسجيلة. 23775)

تفاصيل مارك
000 -الفاتح
حقل البيانات ثابتة الطول 01182cam a2200349 a 4500
001 - رقم الضبط
رقم الضبط 16597946
003 - محدد رقم الضبط
رقم الضبط OSt
005 - وقت وتاريخ اخر تعامل مع التسجيلة
رقم الضبط 20150408114040.0
008 - عناصر البيانات ثابتة الطول - معلومات عامة
حقل البيانات ثابتة الطول 110104s2011 enk 001 0 eng
010 ## - رقم ضبط مكتبة الكونجرس
رقم ضبط مكتبة الكونجرس 2010053866
020 ## - الرقم الدولى المعيارى للكتب
الرقم الدولى المعيارى للكتاب 9780749460624 (pbk.)
020 ## - الرقم الدولى المعيارى للكتب
الرقم الدولى المعيارى للكتاب 0749460628 (pbk.)
020 ## - الرقم الدولى المعيارى للكتب
الرقم الدولى المعيارى للكتاب 9780749460631
020 ## - الرقم الدولى المعيارى للكتب
الرقم الدولى المعيارى للكتاب 0749460636
035 ## - رقم ضبط النظام
رقم ضبط النظام (OCoLC)ocn555673435
040 ## - مصدر الفهرسة
وكالة الفهرسة الأصلية DLC
وكالة النسخ DLC
وكالة التعديل YDX
-- BTCTA
-- YDXCP
-- CDX
-- BWX
-- DLC
042 ## - رمز التحقق
رمز التحقق pcc
050 00 - رقم طلب مكتبة الكونجرس
رقم التصنيف HF5415.1265
رقم المادة .R92 2011
082 00 - رقم تصنيف ديوى العشرى
رقم التصنيف 658.872
رقم الطبعة 22
100 1# - المدخل الرئيسى - إسم شخصى
الإسم الشخصى Ryan, Damian.
9 (RLIN) 15119
245 14 - بيان العنوان
العنوان The best digital marketing campaigns in the world :
بقية العنوان mastering the art of customer engagement /
بيان المسئوليه,etc Damian Ryan and Calvin Jones.
260 ## - PUBLICATION, DISTRIBUTION, ETC. (IMPRINT)
مكان الناشر او الموزع London ;
-- Philadelphia :
اسم الناشر او الموزع Kogan Page,
تاريخ النشر أو التوزيع c2011.
300 ## - الوصف المادى
التعداد vi, 210 p. ;
أبعاد الوعاء 22 cm.
500 ## - تبصرة عامة
تبصرة عامة Includes index.
650 #0 - المدخل الاضافى بالموضوع-مصطلح موضوعى
مصطلح موضوعي أو اسم جغرافي كعنصر مدخل Internet marketing
التقسيم الفرعي الشكلي Case studies.
9 (RLIN) 15120
650 #0 - المدخل الاضافى بالموضوع-مصطلح موضوعى
مصطلح موضوعي أو اسم جغرافي كعنصر مدخل Advertising campaigns
التقسيم الفرعي الشكلي Case studies.
9 (RLIN) 15112
650 #0 - المدخل الاضافى بالموضوع-مصطلح موضوعى
مصطلح موضوعي أو اسم جغرافي كعنصر مدخل Social media.
9 (RLIN) 15121
650 #0 - المدخل الاضافى بالموضوع-مصطلح موضوعى
مصطلح موضوعي أو اسم جغرافي كعنصر مدخل Marketing
التقسيم الفرعي العام Management.
9 (RLIN) 15122
700 1# - المدخل الاضافى - اسم شخصى
الإسم الشخصى Jones, Calvin.
9 (RLIN) 15123
942 ## - عناصر المدخل الإضافي( كوها)
مصدر التصنيف او مخطط الترفيف Dewey Decimal Classification
Koha [default] item type كتاب
المقتنيات
حالة الفقد نموذج السعر الفعال حالة تلف ليس للاعارة رقم الطلب تاريخ الاكتساب الموقع الحالي الباركود الفرع الرئيسي Date last seen نوع المادة فى نظام كوها مصدر التصنيف او خطة الترفيف Total Checkouts
  2013-03-10     658.872 R D B 2012-05-30 المكتبة المركزية بالمجمعة (CL) 1004000000033 المكتبة المركزية بالمجمعة (CL) 2013-03-10 كتاب Dewey Decimal Classification